000 00941nam0a2200289 4500
001 RU\NLR\ONL1\1268
005 20260406083836.0
035 _a(NLR Aleph) 009630026
090 _a9487517
_c9487517
100 _a20030228d1933 |||y0rusy50 ca
101 0 _a9ij
102 _aRU
105 _aa |||||||||
200 1 _aLuunnontiito alkuopia vart
_eOsa 1
_e3:s oppivuus
210 _aL.
_cKirja
_d1933
215 _a71 с.
_cил.
_d23
541 1 _6z01790
_aЕстествознание
_eУчеб. для нач. шк.
_zrus
606 0 _aЕстествознание
_91049255
_3RU\NLR\auth\6687283
686 1 _aБя72
700 1 _4070
_7ba
_8rus
_aTetjurev
_bV. A.
_f1899-
_gVladimir Alekseevič
_3RU\NLR\AUTH\770278553
_92650520
790 1 _6z01541
_aТетюрев
_bВ. А.
_4070
801 0 _aRU
_bNLR
_c20030228
_gPSBO
852 _aNLR
_bОНЛ
_jИжор./3-9
942 _cBOOK
980 _aNB